Rubber or plastics hoses and tubing- Bending tests. (Record no. 73531)

MARC details
000 -LEADER
fixed length control field 00375nam a2200145Ia 4500
245 #0 - TITLE STATEMENT
Title Rubber or plastics hoses and tubing- Bending tests.
260 ## - PUBLICATION, DISTRIBUTION, ETC. (IMPRINT)
Year of publication 1989
500 ## - GENERAL NOTE
General note Standard number: IS 12653
650 ## - SUBJECT ADDED ENTRY--TOPICAL TERM
Topical Term Bending tests
650 ## - SUBJECT ADDED ENTRY--TOPICAL TERM
Topical Term Plastic hose
650 ## - SUBJECT ADDED ENTRY--TOPICAL TERM
Topical Term Rubber hose
650 ## - SUBJECT ADDED ENTRY--TOPICAL TERM
Topical Term Rubber tubing
942 ## - ADDED ENTRY ELEMENTS (KOHA)
Koha item type Standards
Holdings
Withdrawn status Lost status Damaged status Not for loan Collection code Home library Current library Date acquired Koha item type
      Standards Indian standards RRII Library RRII Library 31/12/2021 Standards